000 00525 a2200193 4500
999 _c32233
_d32233
003 OSt
005 20260318150223.0
008 260318b ||||| |||| 00| 0 eng d
020 _a978-93-85935-14-5
040 _c.
082 _a658.4034
_bS5313
100 _91786
_aSharma, J. K.
245 _aOperations Research: Theory and applications /
_cJ. K. Sharma
250 _a6th ed.
260 _bUniversity Science Press,
_aBengaluru :
_c2025.
300 _a885 p.
650 0 _91132
_aOperations research
942 _2ddc
_cBK